Memorias de Dios / (Registro nro. 13150)

Detalles MARC
000 -LIDER
fixed length control field 00626nam a22002177a 4500
003 - IDENTIFICACDOR DE NÚMERO DE CONTROL
control field DO-SdBPM
005 - DATE AND TIME OF LATEST TRANSACTION
control field 20250526093818.0
008 - ELEMENTOS DE LONGITUD FIJA
fixed length control field 161031b1936 cl 00| 0 spa d
040 ## - FUENTE DE CATALOGACIÓN
Agencia que crea de manera original el registro DO-SdBPM
Idioma de catalogación spa
Agencia que realiza la transcripción BPMSU
082 #4 - NÚMERO DE CLASIFICACIÓN DECIMAL DE DEWEY
Classification number 232.9
Item number P217m 1985
Edition number 22
100 1# - ASIENTO PRINCIPAL -- NOMBRE PERSONAL
Nombre personal Papini, Giovanni,
Fechas asociadas con el nombre 1881-1956.
245 10 - MENCIÓN DE TITULO
Título Memorias de Dios /
Mención de responsabilidad Giovanni Papini
250 ## - MENCIÓN DE EDICION
Mención de edición 2a. ed.
260 ## - PUBLICACIÓN, DISTRIBUCIÓN, ETC. (PIE DE IMPRENTA)
Lugar de publicación, distribución, etc Chile :
Nombre del editor, distribuidor, etc. Empresas letras,
Fecha de publicación, distribución, etc 1985
300 ## - DESCRIPCIÓN FÍSICA
Extensión 137 p. :
Dimensiones 20 cm.
490 0# - MENCIÓN DE SERIES
Mención de serie Ediciones selectas,
Volume/sequential designation 4
590 ## - NOTA LOCAL
Texto de la nota local Inventariado, 2025/VM
650 #4 - ENCABEZAMIENTO DE MATERIA--TEMÁTICO
Término temático o nombre geográfico como elemento de entrada Vida de Jesucristo
910 ## - VALIDACIÓN
Validación VMateo V. Control de calidad. BPMSU
942 ## - ADDED ENTRY ELEMENTS (KOHA)
Source of classification or shelving scheme Dewey Decimal Classification
Koha item type Libros
Existencias
Withdrawn status Lost status Source of classification or shelving scheme Damaged status Not for loan Collection code Home library Current library Date acquired Source of acquisition Total Checkouts Full call number Barcode Date last seen Price effective from Koha item type
    Dewey Decimal Classification     Colección General Biblioteca Pública Metropolitana Salomé Ureña Biblioteca Pública Metropolitana Salomé Ureña 11/28/2017   BPMSU CG 232.9 P217m 1985 BPMSU17110478 11/28/2017 11/28/2017 Libros